000 00402nam a2200133Ia 4500
008 220217s9999||||xx |||||||||||||| ||und||
020 _a81-7366-492-7
082 _a005.74 KUM
100 _aKumar, Arun, R and Burleson, Don, Editor.
_95572
245 0 _aEasy oracle automation
260 _aShroff publishers and dist.Pvt.
_bMumbai
_c2005
300 _b300
650 _aDATA FILES & DATABASE
_9695
999 _c176590
_d176590